Aztec cities in Civilization 6 Map Quiz - Statistics

General Stats
  • This quiz has been taken 55 times
  • The average score is 8 of 30
Answers on the Map
Answers color-coded by a green-red scale on the quiz's map according to % correct below.
 
Answer Stats
Answer % Correct
Tenochtitlan
95%
Texcoco
81%
Tlacopán
57%
Teotihuacán
48%
Tlatelolco
43%
Chalco
38%
Azcapotzalco
33%
Cempoala
33%
Xalapa
29%
Huaxyacac
24%
Malinalco
24%
Teloloapan
24%
Xochicalco
24%
Acatitlan
19%
Coyotepec
19%
Ecatepec
19%
Huexotla
19%
Mazatán
19%
Mixquic
19%
Tamuín
19%
Tenayuca
19%
Tlalmanalco
19%
Yucuñudahui
19%
Zacatula
19%
Chapultepec
14%
Iztapalapa
14%
Zitlaltepec
14%
Ixtapaluca
10%
Teayo
10%
Tepexpan
10%
No matching quizzes found
Score Distribution
Percent of People with Each Score
Percentile by Number Answered
Your Score History
You have not taken this quiz